Library Banner

مہاتما گاندھی کے قاتل / (Record no. 140586)

MARC details
000 -LEADER
fixed length control field 00653nam a22002057a 4500
005 - DATE AND TIME OF LATEST TRANSACTION
control field 20260422145724.0
008 - FIXED-LENGTH DATA ELEMENTS--GENERAL INFORMATION
fixed length control field 260422s2017 |||||||| |||| 00| 0 urd d
020 ## - INTERNATIONAL STANDARD BOOK NUMBER
International Standard Book Number 9789694074542
040 ## - CATALOGING SOURCE
Transcribing agency PK-LaUMT
082 ## - DEWEY DECIMAL CLASSIFICATION NUMBER
Classification number 954.035092
Item number MAL-M
100 1# - MAIN ENTRY--PERSONAL NAME
Personal name Malgonkar, Manohar
245 10 - TITLE STATEMENT
Title مہاتما گاندھی کے قاتل /
Statement of responsibility, etc منوہر مالگونکر ؛ مترجم، اعجاز ابنِ اسد
246 ## - VARYING FORM OF TITLE
Title proper/short title Mahatma Gandhi ke qatil
246 ## - VARYING FORM OF TITLE
Title proper/short title Mhatma Gandhi kay qatil / Manohar Malgonkar
260 ## - PUBLICATION, DISTRIBUTION, ETC. (IMPRINT)
Place of publication, distribution, etc Karachi :
Name of publisher, distributor, etc Royal Book Company,
Date of publication, distribution, etc 2017
300 ## - PHYSICAL DESCRIPTION
Extent 247 p.
546 ## - LANGUAGE NOTE
Language note Urdu
700 0# - ADDED ENTRY--PERSONAL NAME
Personal name Ijaz Ibn Asad
942 ## - ADDED ENTRY ELEMENTS (KOHA)
Koha item type Books
Holdings
Withdrawn status Lost status Damaged status Home library Current library Date acquired Full call number Barcode Date last seen Price effective from Koha item type
      UMT Main Campus UMT Main Campus 2026-03-12 954.035092 MAL-M 152419 2026-04-22 2026-04-22 Books